000 01259nam2a22002891 4500
001 v19\rc\1191430
005 20260210164347.0
035 _a(NLR Aleph) 005190288
090 _a5205619
_c5205619
100 _a20060306e18841884|||y0rusy50 ca
101 0 _arus
102 _aRU
105 _ay z |||||
200 0 _a... за 1883 год
_fСост. М.И. Сухомлиновым
210 _d1884
215 _a[2], 53 с.
311 _aОтт. из Сборника Отд-ния рус. яз. и словесности Имп. Акад. наук, т. 31 № 5
461 0 _1001v19\rc\1191401
_12001#$aОтчет Императорской Академии наук по Отделению русского языка и словесности$v... за 1883 год
488 0 _12001#$aСборник Отделения русского языка и словесности Императорской Академии наук$vТ. 31, № 5
702 1 _aСухомлинов
_bМ. И.
_f1828-1901
_gМихаил Иванович
_4220
801 0 _aRU
_bNLR
_c20060306
_gpsbo
801 1 _aRU
_bProSoft-M
_c20060306
_2rusmarc
801 2 _aRU
_bNLR
_c20060807
_2rusmarc
852 _aNLR
_j18.34.6.22(1883)
942 _cBOOK
980 _aNB